| 000 | 00723nam a2200229 i 4500 | ||
|---|---|---|---|
| 003 | OSt | ||
| 005 | 20160109091805.0 | ||
| 008 | 890824s1988 sp spa | ||
| 020 | _a84-226-2463-X | ||
| 040 | _cBMC | ||
| 082 | _a853 | ||
| 100 | 1 |
_aTabucchi, Antonio _d1943-2012 _936875 |
|
| 245 | 1 | 0 |
_aNocturno hindú _cAntonio Tabucchi ; epílogo, Josep Ramoneda ; [traducción, Carmen Artal] |
| 260 | 1 |
_aBarcelona _bCírculo de Lectores _c1988 |
|
| 300 |
_a164 p. _c18 cm |
||
| 586 | _aPremio Médicis en 1987 a la mejor novela extranjera | ||
| 595 | _aTraducción de: Notturno indiano | ||
| 650 | 2 | 4 |
_929384 _aNovela italiana |
| 700 | 1 |
_aArtal, Carmen _933035 |
|
| 700 | 1 |
_aRamoneda, Josep _937884 |
|
| 942 |
_2ddc _cBK |
||
| 999 |
_c24299 _d24299 |
||